| 000 | 00376pab a2200157 454500 | ||
|---|---|---|---|
| 008 | 180718b1986 xxu||||| |||| 00| 0 eng d | ||
| 100 | _aSawant, G.K. | ||
| 245 | _aChanging face of a village | ||
| 260 | _c1986 | ||
| 300 | _a23-5 | ||
| 362 | _aFeb. | ||
| 650 | _aRural Development - India - Maharashtra | ||
| 700 | _aH.S. Bhoite | ||
| 773 | _aKurukshetra | ||
| 909 | _a17571 | ||
| 999 |
_c17571 _d17571 |
||